[Event "Moscow Open 2009 C"]
[Site "?"]
[Date "2009.02.02"]
[Round "3.34"]
[White "Sysoykina, Lidia"]
[Black "Butuc, Maria"]
[Result "0-1"]
[WhiteElo "1924"]
[BlackElo "2182"]
[Annotator ""]
[Source ""]
[Remark ""]

1.e4 e6 2.d3 d5 3.Nd2 Nf6 4.Ngf3 c5 5.g3 Nc6 6.Bg2 Be7 7.O-O
Qc7 8.Re1 O-O 9.e5 Nd7 10.Qe2 b5 11.h4 Bb7 12.Nf1 Rfc8 13.Bf4
Nb6 14.N1h2 Nb4 15.c3 Nc6 16.h5 b4 17.h6 g6 18.Ng4 Qd8 19.Qd2
bxc3 20.bxc3 Nd7 21.Bg5 Bxg5 22.Nxg5 Ne7 23.Qf4 Qf8 24.c4 Bc6
25.Bh3 Nf5 26.cxd5 Bxd5 27.Ne4 Bxe4 28.dxe4 Nd4 29.Rac1 Qe7 30.Bf1
Rab8 31.Kg2 Rb2 32.Bc4 Nb6 33.Red1 Rd8 34.Rd2 Rxd2 35.Qxd2 Nb3
36.Qxd8+ Qxd8 37.Bxb3 Qc7 38.Bc4 Kf8 39.Be2 Nd7 40.f4 Qb7 41.Kf3
Qb2 42.Rd1 Ke7 43.a4 Qb3+ 44.Ne3 Qxa4 45.Nc4 Nb6 46.Nd6 c4 47.f5
gxf5 48.exf5 exf5 49.Nxf5+ Ke6 50.Kf4 Nd5+ 51.Kg4 Kxe5 0-1

[Event "Moscow Open 2009 C"]
[Site "?"]
[Date "2009.02.02"]
[Round "3.35"]
[White "Sukhareva, Evgeniya"]
[Black "Khobotova, Olesia"]
[Result "1-0"]
[WhiteElo "2178"]
[BlackElo "1971"]
[Annotator ""]
[Source ""]
[Remark ""]

1.d4 Nf6 2.c4 c5 3.d5 b5 4.cxb5 a6 5.bxa6 Bxa6 6.Nc3 d6 7.Nf3
g6 8.g3 Bg7 9.Bg2 O-O 10.O-O Nbd7 11.Qc2 Qb6 12.Rb1 Rfb8 13.h3
Ne8 14.Re1 Nc7 15.Bg5 Kf8 16.Nd2 Nb5 17.Nxb5 Bxb5 18.b3 Ra3 19.b4
cxb4 20.Rxb4 Bd3 21.Bxe7+ Kg8 22.Rxb6 Bxc2 23.Rxb8+ Nxb8 24.Bxd6
Ra8 25.Rc1 Bf5 26.e4 Bd7 27.Nc4 Bd4 28.Rb1 Na6 29.Nb6 Ra7 30.Nxd7
Rxd7 31.Ba3 Nc5 32.Rd1 Ra7 33.Bb4 Bxf2+ 34.Kxf2 Rxa2+ 35.Kg1 1-0

[Event "Moscow Open 2009 C"]
[Site "?"]
[Date "2009.02.02"]
[Round "3.36"]
[White "Lezhepekova, Veronika"]
[Black "Drozdova, Dina"]
[Result "0-1"]
[WhiteElo "1917"]
[BlackElo "2175"]
[Annotator ""]
[Source ""]
[Remark ""]

1.e4 d6 2.d4 Nf6 3.Nc3 e5 4.dxe5 dxe5 5.Qxd8+ Kxd8 6.Bg5 Be6
7.O-O-O+ Kc8 8.f3 Nbd7 9.Nge2 c6 10.g3 b5 11.a3 Bc5 12.f4 Ng4
13.f5 Bc4 14.h3 Nf2 15.Rxd7 Nxh1 16.Rd1 Nf2 17.Re1 f6 18.Bd2
g5 19.Ng1 Bxf1 20.Rxf1 g4 21.h4 Nh3 22.Nge2 h5 23.Nd1 a5 24.Ne3
Kc7 25.Ng2 Nf2 26.Nc3 b4 27.Na4 Nxe4 28.Nxc5 Nxc5 29.Re1 bxa3
30.bxa3 Nb7 31.Ne3 Nd6 32.Rd1 Ne4 33.Be1 Rhd8 34.Rxd8 Kxd8 35.Nc4
a4 36.Kd1 Rb8 37.Ke2 Kd7 38.Ke3 Nd6 39.Nxd6 Kxd6 40.Bc3 Kd5 41.Kd3
Rb1 42.Ke3 Rf1 43.Ba5 Rf3+ 0-1

[Event "Moscow Open 2009 C"]
[Site "?"]
[Date "2009.02.02"]
[Round "3.37"]
[White "Krasenkova, Ilena"]
[Black "Frolova, Ekaterina"]
[Result "0-1"]
[WhiteElo "2170"]
[BlackElo "1948"]
[Annotator ""]
[Source ""]
[Remark ""]

1.d4 d5 2.c4 c6 3.Nf3 Nf6 4.Qc2 dxc4 5.Qxc4 Bf5 6.Nc3 e6 7.a4
a5 8.Bg5 Be7 9.g3 Nbd7 10.Bg2 h6 11.Bxf6 Nxf6 12.Ne5 O-O 13.O-O
Nd7 14.Nxd7 Qxd7 15.e4 Bg4 16.d5 e5 17.f3 Bh5 18.Rfd1 Qc7 19.g4
Bg6 20.dxc6 bxc6 21.Kh1 Qb7 22.Rd2 Rfd8 23.Rad1 Rxd2 24.Rxd2
Rd8 25.Rxd8+ Bxd8 26.b3 Qd7 27.Bf1 Bb6 28.Qd3 Qe7 29.Qc4 Qd6
30.Qd3 Qc5 31.Kg2 Kh7 32.Nd1 h5 33.Be2 Qg1+ 34.Kh3 Qh1 35.gxh5
Bxh5 36.Nb2 Bg1 37.Kh4 Qxh2+ 38.Kg5 Qf4+ 39.Kxh5 g6# 0-1

[Event "Moscow Open 2009 C"]
[Site "?"]
[Date "2009.02.02"]
[Round "3.38"]
[White "Maksimova, Alisa"]
[Black "Kineva, Ekaterina"]
[Result "0-1"]
[WhiteElo "1895"]
[BlackElo "2168"]
[Annotator ""]
[Source ""]
[Remark ""]

1.e4 c5 2.Nf3 d6 3.d4 cxd4 4.Nxd4 Nf6 5.Nc3 a6 6.Be3 e5 7.Nf3
Be7 8.a3 Be6 9.Ng5 Qc7 10.Nxe6 fxe6 11.g4 b5 12.g5 Nfd7 13.Qh5+
g6 14.Qg4 b4 15.Na4 Qc6 16.Qxe6 Qxa4 17.Bc4 Nc6 18.b3 Qa5 19.Qf7+
Kd8 20.Bd5 Rc8 21.Qg7 Rf8 22.Qxh7 Nd4 23.Bxd4 exd4 24.O-O Rxc2
25.f4 d3 26.Qh4 Qc5+ 27.Kh1 Qc3 28.Rad1 Nc5 29.f5 Qe5 30.Rf4
gxf5 31.Rdf1 d2 32.Qg3 Rc1 33.Qf3 Rxf1+ 34.Qxf1 Qxf4 35.Qxf4
d1Q+ 36.Kg2 Qe2+ 37.Kg3 fxe4 0-1

[Event "Moscow Open 2009 C"]
[Site "?"]
[Date "2009.02.02"]
[Round "3.39"]
[White "Braun, Elina"]
[Black "Kostrikina, Anna"]
[Result "1/2-1/2"]
[WhiteElo "1880"]
[BlackElo "2157"]
[Annotator ""]
[Source ""]
[Remark ""]

1.e4 c5 2.Nf3 d6 3.d4 cxd4 4.Nxd4 Nf6 5.Nc3 e6 6.Be3 a6 7.Be2
Be7 8.O-O O-O 9.a4 b6 10.f4 Bb7 11.Bd3 Nbd7 12.Nb3 Qc7 13.g4
Rfd8 14.g5 Ne8 15.Rf3 g6 16.Rh3 Bf8 17.Qg4 Bg7 18.Qh4 Nf8 19.f5
exf5 20.exf5 Qc6 21.Be4 d5 22.Bg2 gxf5 23.Nd4 Qd7 24.Rf1 Nd6
25.Bxd5 Rac8 26.Bxb7 Qxb7 27.Nxf5 Nxf5 28.Rxf5 Bxc3 29.bxc3 Rd1+
30.Rf1 Rxf1+ 31.Kxf1 Rxc3 32.Qf4 Qh1+ 33.Kf2 Rxc2+ 34.Bd2 Qd5
35.Ke1 Rc4 36.Qf2 Rxa4 37.Re3 Ra1+ 38.Ke2 Ne6 39.Qf6 Qg2+ 40.Kd3
Ra3+ 41.Bc3 Qd5+ 42.Kc2 Ra2+ 43.Bb2 Qc5+ 44.Rc3 Rxb2+ 45.Kxb2
Qd4 46.Qxd4 Nxd4 47.h4 Kg7 48.Rd3 Ne6 49.Rd6 Kg6 50.Rxb6 Kh5
51.Rb7 Kxh4 52.Rxf7 Nxg5 53.Ra7 h5 54.Rxa6 Kg4 55.Rh6 h4 56.Rxh4+
Kxh4 1/2-1/2

[Event "Moscow Open 2009 C"]
[Site "?"]
[Date "2009.02.02"]
[Round "3.41"]
[White "Sorokina, Nadejda"]
[Black "Rjanova, Valery"]
[Result "1-0"]
[WhiteElo "1870"]
[BlackElo "2113"]
[Annotator ""]
[Source ""]
[Remark ""]

1.e4 c5 2.Nf3 d6 3.d4 cxd4 4.Nxd4 Nf6 5.Nc3 g6 6.Be3 Bg7 7.f3
O-O 8.Qd2 Nc6 9.Bc4 Bd7 10.O-O-O Rc8 11.Bb3 Ne5 12.h4 h5 13.Bg5
Rc5 14.Rhe1 b5 15.f4 Neg4 16.e5 dxe5 17.fxe5 Nxe5 18.Ndxb5 a6
19.Qd4 Rc8 20.Qxe5 axb5 21.Qxe7 Qxe7 22.Rxe7 Bf5 23.Nxb5 Ne4
24.Nd6 Nxd6 25.Rxd6 Rc5 26.Ra6 Bg4 27.Rxg6 Rf5 28.Re1 Kh7 29.Rd6
Rf2 30.Rd2 1-0

[Event "Moscow Open 2009 C"]
[Site "?"]
[Date "2009.02.02"]
[Round "3.42"]
[White "Larina, Marija"]
[Black "Tereshechkina, Maya"]
[Result "1/2-1/2"]
[WhiteElo "2109"]
[BlackElo "1912"]
[Annotator ""]
[Source ""]
[Remark ""]

1.e4 c5 2.Nf3 d6 3.d4 cxd4 4.Nxd4 Nf6 5.Nc3 a6 6.h3 e5 7.Nde2
Be7 8.g4 h6 9.Bg2 b5 10.a4 bxa4 11.Nd5 Bb7 12.Nxe7 Qxe7 13.Ng3
g6 14.Rxa4 Bc6 15.Ra1 h5 16.g5 Nfd7 17.O-O Nc5 18.Re1 Ne6 19.Nf1
O-O 20.Ra3 Nd7 21.Rd3 Ndc5 22.Rxd6 Rfd8 23.Rxd8+ Rxd8 24.Qe2
Nd4 25.Qd1 Ndb3 26.Qe2 Nxc1 27.Rxc1 Qxg5 28.Qe3 Qxe3 29.Nxe3
Bxe4 30.b4 Bxg2 31.Kxg2 Ne4 32.c4 Rb8 33.c5 Rxb4 34.c6 Nd6 35.Rd1
Rd4 36.Ra1 Nf5 37.Nxf5 gxf5 38.Rxa6 Rc4 39.Ra5 Rxc6 40.Rxe5 Rf6
41.Kf3 Kg7 1/2-1/2

[Event "Moscow Open 2009 C"]
[Site "?"]
[Date "2009.02.02"]
[Round "3.43"]
[White "Uljianova, Nadezhda"]
[Black "Petrukhina, Irina"]
[Result "1/2-1/2"]
[WhiteElo "2106"]
[BlackElo "1905"]
[Annotator ""]
[Source ""]
[Remark ""]

1.d4 d5 2.c4 c6 3.cxd5 cxd5 4.Nc3 Nf6 5.Bf4 Nc6 6.e3 a6 7.Bd3
Bg4 8.f3 Bh5 9.Nge2 e6 10.Rc1 Bd6 11.Bxd6 Qxd6 12.O-O O-O 13.Nf4
Bg6 14.Nxg6 hxg6 15.Na4 Nd7 16.Qd2 Rfc8 17.f4 Rc7 18.a3 Rac8
19.b4 Ne7 20.Nc5 Nb6 21.Rc2 Nc4 22.Bxc4 dxc4 23.Rxc4 b6 24.Ne4
Qd5 25.Rxc7 Rxc7 26.Qd3 Nf5 27.Rd1 Nh4 28.g3 Nf3+ 29.Kg2 f5 30.Kxf3
fxe4+ 31.Qxe4 Qh5+ 32.g4 Qh3+ 33.Ke2 Qxh2+ 34.Kf1 Qh3+ 35.Ke2
Qh2+ 36.Kf1 Rc2 37.Qf3 Qh4 38.d5 exd5 39.Qxd5+ Kh7 40.Qf3 Rh2
41.f5 Rh1+ 42.Ke2 Rh2+ 43.Kf1 Rh1+ 44.Ke2 Qh2+ 45.Kd3 Qd6+ 46.Kc2
Rxd1 47.Qxd1 Qc7+ 48.Kb1 gxf5 49.gxf5 Qc3 50.Qh5+ Kg8 51.Qe8+
Kh7 52.Qh5+ 1/2-1/2

[Event "Moscow Open 2009 C"]
[Site "?"]
[Date "2009.02.02"]
[Round "3.44"]
[White "Della-Rossa, Anastasia"]
[Black "Bezgodova, Maria"]
[Result "1/2-1/2"]
[WhiteElo "1868"]
[BlackElo "2101"]
[Annotator ""]
[Source ""]
[Remark ""]

1.e4 e5 2.f4 Nf6 3.Nc3 d5 4.fxe5 Nxe4 5.Nxe4 dxe4 6.d4 exd3 7.Bxd3
Nc6 8.Nf3 Bc5 9.Bf4 Be6 10.Qe2 Nd4 11.Qd2 c6 12.Nxd4 Qxd4 13.c3
Qd5 14.Qc2 O-O-O 15.Be4 Qd7 16.Bg5 Rde8 17.b4 Bb6 18.Rd1 Qc7
19.Rd6 Bd5 20.Bf5+ Kb8 21.Kd1 f6 22.Bf4 Rd8 23.Bd7 Be6 24.Bxe6
fxe5 25.Bxe5 Rxd6+ 26.Kc1 Qe7 27.Bxd6+ Qxd6 28.Bb3 Rd8 29.h3
h6 30.Rd1 Qf4+ 31.Kb1 Rxd1+ 32.Qxd1 Qe4+ 33.Bc2 Qe7 1/2-1/2

[Event "Moscow Open 2009 C"]
[Site "?"]
[Date "2009.02.02"]
[Round "3.46"]
[White "Semenova, Elena"]
[Black "Saduakassova, Dinara"]
[Result "1/2-1/2"]
[WhiteElo "2086"]
[BlackElo "1850"]
[Annotator ""]
[Source ""]
[Remark ""]

1.d4 d5 2.Nf3 Nf6 3.c4 e6 4.g3 dxc4 5.Qa4+ Nbd7 6.Qxc4 c5 7.Bg2
a6 8.Qc2 Qb6 9.dxc5 Nxc5 10.O-O Be7 11.Nbd2 Bd7 12.Nc4 Qd8 13.Bf4
Rc8 14.Rfd1 Nd5 15.Nfe5 Nxf4 16.gxf4 Qc7 17.Qd2 Bb5 18.Na3 f6
19.Nxb5 axb5 20.Nf3 Kf7 21.Nd4 Rhd8 22.Qe3 b4 23.Bh3 f5 24.Rac1
Qb6 25.Nf3 Rxd1+ 26.Rxd1 Bf6 27.Ne5+ Bxe5 28.Qxe5 b3 29.axb3
Qxb3 30.Rd6 Qxh3 31.b4 Qb3 32.bxc5 Qb1+ 33.Kg2 Qe4+ 34.Qxe4 fxe4
35.Rd7+ Kf6 36.Rxb7 Rxc5 37.Rb8 e5 38.Rf8+ Ke7 39.Rf5 Ke6 40.Rh5
h6 41.Kh3 Rd5 42.Kg4 Rd4 43.Rxe5+ Kf6 44.e3 Ra4 45.h4 Ra2 46.Kg3
Ra4 47.Rd5 Ra1 48.Rd4 Kf5 49.Rd5+ Kf6 50.Re5 Ra4 51.h5 Rb4 52.Rd5
Rb1 53.Rd4 Kf5 54.Rd5+ Kf6 55.Re5 Rb4 56.Kg4 Rb2 57.Kg3 Rb4 58.Kg4 1/2-1/2

[Event "Moscow Open 2009 C"]
[Site "?"]
[Date "2009.02.02"]
[Round "3.47"]
[White "Derbentseva, Irina"]
[Black "Kisteneva, Liza"]
[Result "1-0"]
[WhiteElo "2080"]
[BlackElo "1700"]
[Annotator ""]
[Source ""]
[Remark ""]

1.e4 c5 2.Nf3 e6 3.d4 cxd4 4.Nxd4 a6 5.Bd3 Nf6 6.O-O d6 7.Nc3
Be7 8.Be3 O-O 9.Kh1 Nc6 10.f4 Qc7 11.a3 b5 12.Qe1 Rd8 13.Qg3
Bb7 14.Nxc6 Bxc6 15.Bd4 Kh8 16.Rae1 Qb7 17.Nd1 d5 18.Bxf6 Bxf6
19.e5 Be7 20.f5 Bd7 21.f6 gxf6 22.Qh4 f5 23.Qxe7 Bc6 24.Qf6+
Kg8 25.Rf3 d4 26.Rg3+ Kf8 27.Qh8+ Ke7 28.Qf6+ Kd7 29.Qxf7+ Kc8
30.Qxb7+ 1-0

[Event "Moscow Open 2009 C"]
[Site "?"]
[Date "2009.02.02"]
[Round "3.48"]
[White "Sukhareva, Valentina"]
[Black "Skakun, Valentina"]
[Result "0-1"]
[WhiteElo "2078"]
[BlackElo "1700"]
[Annotator ""]
[Source ""]
[Remark ""]

1.Nf3 c5 2.b3 Nc6 3.Bb2 Nf6 4.e3 e6 5.Bb5 Be7 6.Na3 O-O 7.Bxc6
bxc6 8.Ne5 Qc7 9.f4 Ba6 10.Qf3 d5 11.g4 Ne4 12.O-O-O f6 13.Nec4
dxc4 14.Qxe4 cxb3 15.Qxe6+ Rf7 16.Qxb3 Rb8 17.Qc3 Qb6 18.Kb1
c4 19.Ka1 Bb4 20.Qd4 c3 21.Bc1 cxd2 22.Rxd2 Qxd4+ 23.exd4 Bc3+
24.Bb2 Bxb2+ 0-1

[Event "Moscow Open 2009 C"]
[Site "?"]
[Date "2009.02.02"]
[Round "3.55"]
[White "Kharmunova, Nadejda"]
[Black "Forova, Tatiana"]
[Result "1-0"]
[WhiteElo "2140"]
[BlackElo "1888"]
[Annotator ""]
[Source ""]
[Remark ""]

1.e4 e5 2.Nf3 Nf6 3.Nc3 Nc6 4.g3 g6 5.Bg2 Bg7 6.O-O O-O 7.Re1
d6 8.h3 Be6 9.b3 Nd7 10.Bb2 f5 11.exf5 gxf5 12.d4 exd4 13.Rxe6
dxc3 14.Bc1 Nc5 15.Re2 Qd7 16.Qd5+ Qf7 17.Ng5 Qxd5 18.Bxd5+ Kh8
19.Nf7+ Kg8 20.Nxd6+ Kh8 21.Nf7+ Kg8 22.Ne5+ Kh8 23.Nxc6 bxc6
24.Bxc6 Rad8 25.Ba3 Rf6 26.Bf3 Bf8 27.Rae1 Rd2 28.Re8 Kg7 29.Rxf8
Rxf8 30.Bxc5 Rf7 31.Re2 a5 32.Rxd2 cxd2 33.Be3 Rd7 34.Bd1 Kf6
35.Kf1 Ke5 36.Ke2 c6 37.Bxd2 Ra7 38.Kf3 a4 39.b4 a3 40.Be2 Rb7
41.Bc3+ Ke6 42.Kf4 1-0

[Event "Moscow Open 2009 C"]
[Site "?"]
[Date "2009.02.02"]
[Round "3.56"]
[White "Chukhlantseva, Anna"]
[Black "Grigoryeva, Olga A"]
[Result "1/2-1/2"]
[WhiteElo "1842"]
[BlackElo "2015"]
[Annotator ""]
[Source ""]
[Remark ""]

1.e4 d5 2.exd5 Qxd5 3.Nc3 Qa5 4.Nf3 Nf6 5.Bc4 c6 6.O-O Bg4 7.d4
e6 8.Qd3 Bd6 9.Ne4 Nxe4 10.Qxe4 Qh5 11.Bf4 Bxf4 12.Qxf4 Bxf3
13.gxf3 Nd7 14.Qg4 Nf6 15.Qxh5 Nxh5 16.Rfe1 O-O-O 17.Rad1 Nf6
18.c3 h5 19.Kf1 h4 20.Ke2 Nh5 21.Rg1 Kd7 22.Ke3 Rdg8 23.Rg5 g6
24.Be2 a6 25.f4 Ng7 26.Bd3 Ke7 27.a4 Rd8 28.b4 Rd5 29.c4 Rxg5
30.fxg5 f6 31.gxf6+ Kxf6 32.Rg1 g5 33.f4 Rh5 34.fxg5+ Rxg5 35.Rxg5
Kxg5 36.Kf3 Ne8 37.b5 cxb5 38.cxb5 axb5 39.Bxb5 Nc7 40.Bd7 b6
41.Ke4 Kf6 42.Bc6 Na6 43.d5 Nb4 44.Kd4 Ke7 45.Bb7 exd5 46.Bxd5
Kd6 47.Be4 Na6 48.Bd3 Nc5 49.Bb5 Nb3+ 50.Ke3 Ke5 51.Kf3 Kf5 52.Bd7+
Kg5 53.Kf2 Kf4 54.Kg2 Nc5 55.Bb5 Kg4 56.Be2+ Kf4 57.Bb5 Ne4 58.Bc6
Nc3 59.Kh3 Kg5 60.Kg2 Kg4 61.Bd7+ Kf4 62.Kh3 Kg5 63.Kg2 Nxa4 1/2-1/2

[Event "Moscow Open 2009 C"]
[Site "?"]
[Date "2009.02.02"]
[Round "3.57"]
[White "Beliaeva, Natalia"]
[Black "Semenova, Anastasia"]
[Result "0-1"]
[WhiteElo "2004"]
[BlackElo "1840"]
[Annotator ""]
[Source ""]
[Remark ""]

1.d4 c5 2.d5 e5 3.e4 d6 4.Nc3 Be7 5.Nf3 a6 6.a4 Bg4 7.Qd3 Nd7
8.Nd2 Ngf6 9.Qg3 O-O 10.Nc4 Bh5 11.Bd3 Bg6 12.O-O Nb6 13.Nxb6
Qxb6 14.a5 Qc7 15.b3 Nd7 16.f4 f5 17.fxe5 fxe4 18.Rxf8+ Rxf8
19.Bxe4 Nxe5 20.Bd2 Bf6 21.Rd1 Qxa5 22.Bxg6 Nxg6 23.Ne4 Bd4+
24.Kh1 Qa2 25.c4 Be5 26.Qd3 Nf4 27.Bxf4 Rxf4 28.Ng5 g6 29.Qh3
Qe2 30.Qxh7+ Kf8 31.Ne6+ Ke8 32.Qxg6+ Ke7 33.Qb1 Rh4 34.Nf4 Rxf4
35.Qh7+ Rf7 36.Qh4+ Kd7 37.Qe1 Qh5 38.h3 Qf5 39.Qe3 Qc2 40.Re1
Qg6 41.b4 Qg3 42.Qg1 Bd4 0-1

[Event "Moscow Open 2009 C"]
[Site "?"]
[Date "2009.02.02"]
[Round "3.58"]
[White "Pylaeva, Ekaterina"]
[Black "Dogodkina, Julia"]
[Result "0-1"]
[WhiteElo "1676"]
[BlackElo "2003"]
[Annotator ""]
[Source ""]
[Remark ""]

1.e4 e6 2.d4 d5 3.Nc3 Bb4 4.e5 Ne7 5.a3 Bxc3+ 6.bxc3 c5 7.Qg4
Qc7 8.Qxg7 Rg8 9.Qxh7 cxd4 10.Ne2 dxc3 11.g3 Qxe5 12.Bf4 Qf6
13.h4 Nbc6 14.Bg2 Bd7 15.Bg5 Qe5 16.Bf4 Qf5 17.Qxf5 Nxf5 18.Nxc3
Ncd4 19.Ra2 Rc8 20.Kd2 Rxc3 21.Kxc3 Ne2+ 22.Kd2 Nxf4 23.Bf3 Ng6
24.Re1 Bc6 25.Rb2 Nd6 26.Rb3 Nc4+ 27.Kc1 Kd7 28.Rd1 f5 29.Be2
Nd6 30.c4 Rc8 31.Rb4 Bb5 32.Kb2 Bxc4 33.Bxc4 Nxc4+ 34.Ka2 b6
35.h5 Nge5 36.Rd4 a5 37.Rb1 Rh8 38.Rh1 Rh6 39.Kb3 Kc6 40.Rdd1
Kc5 41.Rc1 Nd3 42.Rc2 d4 43.Rxc4+ Kd5 44.Rc2 e5 45.Rd2 Nc5+ 46.Kc2
Ne4 47.Re2 Rc6+ 48.Kb2 d3 49.Ree1 Kd4 50.Rd1 Rc2+ 51.Ka1 Nc3 0-1

[Event "Moscow Open 2009 C"]
[Site "?"]
[Date "2009.02.02"]
[Round "3.63"]
[White "Vasiukova, Renata D"]
[Black "Chernyshova, Natalia"]
[Result "0-1"]
[WhiteElo "1574"]
[BlackElo "1951"]
[Annotator ""]
[Source ""]
[Remark ""]

1.c3 d5 2.d3 e5 3.h3 Nc6 4.Nd2 Nf6 5.g4 h5 6.g5 Ng8 7.h4 Nge7
8.e4 d4 9.cxd4 Nxd4 10.Bh3 Bxh3 11.Rxh3 Ng6 12.Nf1 Bb4+ 13.Bd2
Bxd2+ 14.Nxd2 Qd7 15.Rh2 Nf4 16.Rc1 Nxd3+ 17.Kf1 Nxb2 18.Qe1
Nd3 19.Qd1 Nxc1 20.Qxc1 O-O-O 21.Ngf3 Nxf3 22.Nxf3 Qd3+ 23.Ke1
Qxf3 24.Qe3 Rd1# 0-1

[Event "Moscow Open 2009 C"]
[Site "?"]
[Date "2009.02.02"]
[Round "3.64"]
[White "Koroteeva, Ksenia"]
[Black "Artemenko, Rimma"]
[Result "1-0"]
[WhiteElo "1951"]
[BlackElo "1579"]
[Annotator ""]
[Source ""]
[Remark ""]

1.e4 c5 2.Nf3 Nf6 3.Nc3 e6 4.d4 cxd4 5.Nxd4 Bb4 6.Bd3 a6 7.O-O
d6 8.Kh1 b5 9.f4 Bb7 10.e5 Bxc3 11.bxc3 Nd5 12.f5 dxe5 13.Nxe6
Qa5 14.Nxg7+ Ke7 15.f6+ Nxf6 16.Bg5 Nbd7 17.Bf5 Rad8 18.Bxd7
Qb6 19.Nf5+ Kf8 20.Bh6+ 1-0

[Event "Moscow Open 2009 C"]
[Site "?"]
[Date "2009.02.02"]
[Round "3.67"]
[White "Shangarayeva, Daiana"]
[Black "Yakimova, Taisia V"]
[Result "1-0"]
[WhiteElo "1871"]
[BlackElo "1529"]
[Annotator ""]
[Source ""]
[Remark ""]

1.c4 c5 2.Nc3 e6 3.Nf3 Nf6 4.d4 d5 5.Bg5 Be7 6.dxc5 Bxc5 7.cxd5
Bb4 8.Qa4+ Nc6 9.dxc6 Bxc3+ 10.bxc3 O-O 11.e3 bxc6 12.Be2 Bd7
13.O-O Qe7 14.Qh4 Rfd8 15.Bxf6 Qxf6 16.Qxf6 gxf6 17.h3 e5 18.Rab1
Be6 19.a3 Rd7 20.Rb2 Rc8 21.Rfb1 Rcc7 22.Nh4 f5 23.g4 f4 24.exf4
exf4 25.Nf3 Re7 26.Nd4 Bd5 27.Rb8+ Kg7 28.Nf5+ 1-0

[Event "Moscow Open 2009"]
[Site "Moscow"]
[Date "2009.02.03"]
[Round "4.1"]
[White "Shadrina, Tatiana"]
[Black "Muzychuk, Anna"]
[Result "0-1"]
[WhiteElo "2416"]
[BlackElo "2540"]
[Annotator ""]
[Source ""]
[Remark ""]

1.e4 c5 2.Nf3 e6 3.d4 cxd4 4.Nxd4 a6 5.c4 Nf6 6.Nc3 Bb4 7.Bd3
Nc6 8.a3 Bc5 9.Nc2 d6 10.O-O O-O 11.Bf4 Qe7 12.b4 Ba7 13.Qe2
h6 14.Kh1 Bd7 15.Rad1 Rfd8 16.Be3 Bxe3 17.Qxe3 Ne5 18.Be2 Rac8
19.Qd4 Be8 20.Ne3 Qc7 21.Rc1 a5 22.Qd2 axb4 23.axb4 Qb6 24.Qb2
Bc6 25.Qb1 Ra8 26.Rfd1 Ra3 27.Rxd6 Rxd6 28.c5 Qd8 29.cxd6 Qxd6
30.b5 Be8 31.Qb2 Ra8 32.Rd1 Qa3 33.Qxa3 Rxa3 34.Rc1 g5 35.Kg1
Kf8 36.h3 Bd7 37.Nc4 Nxc4 38.Bxc4 Be8 39.Be2 Nd7 40.Kf1 Nc5 41.Ke1
b6 42.Bc4 Ke7 43.Ke2 Kf6 44.f3 Ke5 45.Nb1 Ra5 46.Nd2 Kd4 47.Bd3
Nxd3 48.Nb3+ Ke5 49.Kxd3 Bxb5+ 50.Kc3 Ra2 51.Nd2 Ra7 52.Kb4 Bd3
53.Rc8 Ra2 54.Nb3 Rxg2 55.Rh8 Rg3 56.Rxh6 Rxf3 57.Nd2 Re3 58.Rh5
f6 59.h4 Rh3 0-1

[Event "Moscow Open 2009"]
[Site "Moscow"]
[Date "2009.02.03"]
[Round "4.2"]
[White "Pogonina, Natalija"]
[Black "Solovjova, Valentina"]
[Result "1-0"]
[WhiteElo "2467"]
[BlackElo "2324"]
[Annotator ""]
[Source ""]
[Remark ""]

1.e4 c6 2.d4 d5 3.Nc3 dxe4 4.Nxe4 Bf5 5.Ng3 Bg6 6.h4 h6 7.Nf3
Nd7 8.Bd3 Bxd3 9.Qxd3 Qc7 10.Bd2 Ngf6 11.O-O-O e6 12.Ne4 O-O-O
13.g3 Nxe4 14.Qxe4 Nf6 15.Qe2 Bd6 16.c4 c5 17.Bc3 cxd4 18.Nxd4
a6 19.Kb1 Rd7 20.Nb3 Qc6 21.Bxf6 gxf6 22.c5 Bc7 23.Rxd7 Qxh1+
24.Rd1 Qc6 25.Qh5 Rd8 26.Rxd8+ Bxd8 27.a3 Qe4+ 28.Ka2 a5 29.Qxh6
a4 30.Nc1 Qc4+ 31.Kb1 Qxc5 32.Qf4 Qb5 33.Qd4 Bc7 34.Nd3 Qf5 35.g4
Qh7 36.Ka2 e5 37.Qd5 Qxh4 38.f3 b6 39.Qa8+ Kd7 40.Nb4 f5 41.Qc6+
Kd8 42.Nd5 Bb8 43.Nxb6 Ke7 44.Qb7+ Ke6 45.Qd7+ 1-0

[Event "Moscow Open 2009"]
[Site "Moscow"]
[Date "2009.02.03"]
[Round "4.3"]
[White "Molchanova, Tatjana"]
[Black "Paehtz, Elisabeth"]
[Result "1/2-1/2"]
[WhiteElo "2319"]
[BlackElo "2455"]
[Annotator ""]
[Source ""]
[Remark ""]

1.d4 e6 2.Nf3 c5 3.g3 Qa5+ 4.Qd2 Qc7 5.Bg2 Nf6 6.O-O Nc6 7.c4
cxd4 8.Nxd4 a6 9.Nc3 Be7 10.b3 O-O 11.Bb2 d6 12.Rfd1 Bd7 13.Rac1
Nxd4 14.Qxd4 Rfd8 15.a4 Rac8 16.Qa7 Rb8 17.Ba3 Be8 18.Bb4 Rdc8
19.Qd4 Rd8 20.Ba3 Rbc8 21.Bb2 Qb8 22.b4 Bf8 23.b5 axb5 24.axb5
Qc7 25.Ne4 Nxe4 26.Bxe4 b6 27.h4 Qb8 28.h5 h6 29.Bb1 Qb7 30.Be4
Qb8 31.g4 d5 32.cxd5 Rxc1 33.Rxc1 Bxb5 34.Bb1 exd5 35.Qd2 Rc8
36.Qxd5 Rxc1+ 37.Bxc1 Bc5 38.e3 Qc8 39.Bf5 Qe8 40.Bb2 Bc6 41.Qd3
Bf8 42.Qd4 b5 43.Bc2 Qd7 44.Qxd7 Bxd7 45.f3 1/2-1/2

[Event "Moscow Open 2009"]
[Site "Moscow"]
[Date "2009.02.03"]
[Round "4.4"]
[White "Girya, Olga"]
[Black "Kovalevskaya, Ekaterina"]
[Result "1-0"]
[WhiteElo "2315"]
[BlackElo "2442"]
[Annotator ""]
[Source ""]
[Remark ""]

1.e4 c5 2.Nc3 Nc6 3.Nf3 e5 4.Bc4 Be7 5.d3 d6 6.O-O Nf6 7.Ng5
O-O 8.f4 Bg4 9.Qe1 exf4 10.Bxf4 Nd4 11.Qd2 Qd7 12.a4 h6 13.Nf3
Bxf3 14.gxf3 Qh3 15.Qf2 Nd7 16.Nd5 Bh4 17.Qg2 Qxg2+ 18.Kxg2 Ne5
19.Bxe5 dxe5 20.c3 Nc6 21.Kh3 Bg5 22.Kg4 g6 23.h4 Bd8 24.Ne3
Kg7 25.Kh3 Bc7 26.Rg1 Ne7 27.Rg2 Rad8 28.a5 Rd6 29.Nd5 Nxd5 30.Bxd5
Rb8 31.b4 cxb4 32.cxb4 Rf6 33.Kg3 Bd6 34.Rc2 Bxb4 35.Rc7 b6 36.a6
b5 37.Rxa7 Bc3 38.Ra2 b4 39.Rb7 Ra8 40.a7 Bd4 41.Rc7 b3 42.Bxb3
Rd6 43.Rxf7+ Kh8 44.Bd5 1-0

[Event "Moscow Open 2009"]
[Site "Moscow"]
[Date "2009.02.03"]
[Round "4.5"]
[White "Zhukova, Natalia"]
[Black "Ambartsumova, Karina"]
[Result "1/2-1/2"]
[WhiteElo "2490"]
[BlackElo "2227"]
[Annotator ""]
[Source ""]
[Remark ""]

1.d4 d5 2.c4 e6 3.Nc3 Be7 4.Nf3 Nf6 5.Qc2 O-O 6.Bg5 Nbd7 7.Rd1
c6 8.e3 b6 9.Bd3 h6 10.Bh4 Bb7 11.O-O Rc8 12.Qe2 Ne4 13.Bg3 Nxg3
14.hxg3 dxc4 15.Bxc4 b5 16.Bd3 b4 17.Ne4 Qb6 18.Nfd2 c5 19.dxc5
Nxc5 20.Nc4 Qc7 21.Ned6 Bxd6 22.Nxd6 Nxd3 23.Rxd3 1/2-1/2

[Event "Moscow Open 2009"]
[Site "Moscow"]
[Date "2009.02.03"]
[Round "4.6"]
[White "Manakova., Maria"]
[Black "Ushenina, Anna"]
[Result "0-1"]
[WhiteElo "2299"]
[BlackElo "2499"]
[Annotator ""]
[Source ""]
[Remark ""]

1.e4 c5 2.Nf3 Nc6 3.d4 cxd4 4.Nxd4 Nf6 5.Nc3 d6 6.Be2 g6 7.O-O
Bg7 8.Be3 O-O 9.h3 Bd7 10.Nb3 a6 11.a4 Na5 12.Nxa5 Qxa5 13.Qd2
Qb4 14.Bf3 Rac8 15.Rfb1 Rfe8 16.Ra3 Bc6 17.Qd3 Nd7 18.Na2 Qa5
19.b4 Qc7 20.Bd4 Ne5 21.Bxe5 Bxe5 22.Bg4 e6 23.c4 b6 24.Be2 Qb7
25.f3 Qc7 26.Nc3 Bb7 27.Nd1 Qe7 28.Nf2 a5 29.bxa5 bxa5 30.Ng4
Bg7 31.Rab3 Bc6 32.Qd2 h5 33.Nf2 Ra8 34.Bd1 d5 35.Rb6 Rec8 36.cxd5
exd5 37.exd5 Bxd5 38.Bb3 Bxb3 39.R6xb3 Rd8 40.Rd3 Rxd3 41.Qxd3
Rd8 42.Qc2 Qe3 43.Kh1 Qf4 44.Rb2 Bxb2 45.Qxb2 Rd2 46.Qb6 Qd6
47.Qa7 Ra2 48.g4 Qg3 0-1

[Event "Moscow Open 2009 C"]
[Site "?"]
[Date "2009.02.03"]
[Round "4.7"]
[White "Romanko, Marina"]
[Black "Gu, Xiaobing"]
[Result "1-0"]
[WhiteElo "2451"]
[BlackElo "2283"]
[Annotator ""]
[Source ""]
[Remark ""]

1.d4 Nf6 2.c4 g6 3.Nf3 Bg7 4.g3 O-O 5.Bg2 c5 6.O-O d6 7.Nc3 Nc6
8.d5 Na5 9.Nd2 Rb8 10.Qc2 a6 11.b3 b5 12.Bb2 e5 13.e4 h5 14.Ne2
h4 15.Bc3 hxg3 16.hxg3 Ng4 17.Qd3 f5 18.f3 Nh6 19.Rae1 Rb7 20.f4
Ng4 21.Bf3 b4 22.Bb2 fxe4 23.Bxe4 exf4 24.Bxg7 Rxg7 25.Nxf4 Ne5
26.Qe3 Ng4 27.Qe2 Qg5 28.Ne6 Rxf1+ 29.Rxf1 Bxe6 30.dxe6 Ne5 31.Qf2
Qe7 32.Bd5 Nac6 33.Bxc6 Nxc6 34.Ne4 Qd8 35.Nf6+ Kf8 36.Nh5+ Kg8
37.Nxg7 Kxg7 38.Qf7+ Kh6 39.Kg2 1-0

[Event "Moscow Open 2009 C"]
[Site "?"]
[Date "2009.02.03"]
[Round "4.8"]
[White "Gaponenko, Inna"]
[Black "Ubiennykh, Ekaterina"]
[Result "1/2-1/2"]
[WhiteElo "2450"]
[BlackElo "2285"]
[Annotator ""]
[Source ""]
[Remark ""]

1.e4 e5 2.Nf3 Nc6 3.Bb5 a6 4.Ba4 Nf6 5.O-O Be7 6.Re1 b5 7.Bb3
O-O 8.c3 d6 9.h3 Nb8 10.d4 Nbd7 11.Nbd2 c5 12.d5 Re8 13.a4 c4
14.Bc2 Bb7 15.Nf1 Bf8 16.g4 Nc5 17.Ng3 Re7 18.Bg5 Rc7 19.Qd2
bxa4 20.Qe2 Rb8 21.Ra2 Bc8 22.Be3 Nd3 23.Bxd3 cxd3 24.Qxd3 Bd7
25.Qxa6 Bb5 26.Qa5 Nd7 27.Nd2 Nc5 28.Bxc5 dxc5 29.c4 Bd7 30.Nb1
Rb4 31.d6 Rc8 32.Qxd8 Rxd8 33.Nc3 Bxd6 34.Rd1 Be8 35.Nf5 Bc7
36.Ne7+ Kf8 37.Ned5 Rxc4 38.Nxc7 Rxd1+ 39.Nxd1 Rc1 40.Nxe8 Kxe8
41.Rxa4 Rxd1+ 42.Kg2 Rc1 1/2-1/2

[Event "Moscow Open 2009 C"]
[Site "?"]
[Date "2009.02.03"]
[Round "4.10"]
[White "Matveeva, Svetlana"]
[Black "Ivkina, Olga"]
[Result "1/2-1/2"]
[WhiteElo "2422"]
[BlackElo "2268"]
[Annotator ""]
[Source ""]
[Remark ""]

1.d4 Nf6 2.c4 g6 3.Nc3 Bg7 4.e4 d6 5.Nf3 O-O 6.Be2 Na6 7.O-O
e5 8.Be3 Ng4 9.Bg5 Qe8 10.h3 h6 11.Bh4 Nf6 12.Bxf6 Bxf6 13.c5
exd4 14.Nd5 Bg7 15.Bxa6 bxa6 16.Nxc7 Qxe4 17.Nxa8 dxc5 18.Rc1
Qxa8 19.Rxc5 Bb7 20.Re1 Rd8 21.Qd3 Bc6 22.Rec1 Be4 23.Qxa6 Bb7
24.Qd3 Be4 25.Qc4 Bd5 26.Qc2 Be4 27.Qb3 Bd5 28.Qd1 a5 29.b3 Be4
30.Qd2 Bxf3 31.gxf3 Qxf3 32.Rc8 Rxc8 33.Rxc8+ Kh7 34.Qxa5 Qxh3
35.Qd8 Qg4+ 1/2-1/2